[Event "34. Bayerische Senioren EM"]
[Site "Bergen im Chiemgau"]
[Date "2024.06.03"]
[Round "7.7"]
[White "Waltenberger, Udo"]
[Black "Röder, Frank"]
[Result "0-1"]
[BlackElo "2279"]
[BlackTeam "SV Altensittenbach"]
[EventDate "2024.??.??"]
[PlyCount "100"]
[WhiteElo "1993"]
[WhiteTeam "SV Eiche Reichenbrand"]

1. Nf3 d5 2. g3 Nf6 3. Bg2 Bf5 4. O-O e6 5. c4 c6 6. d3 dxc4 7. dxc4 Qxd1 8.
Rxd1 Nbd7 9. Nc3 Bc5 10. b3 O-O-O 11. Bb2 h6 12. Nd4 Bh7 13. e3 Ne5 14. Na4 Bd6
15. Bc3 Nd3 16. Bf1 Nc5 17. Nxc5 Bxc5 18. Nf3 Rxd1 19. Rxd1 Rd8 20. Rxd8+ Kxd8
21. b4 Bf8 22. a3 Ne4 23. Bd4 c5 24. bxc5 Nxc5 25. Nd2 f6 26. f4 b6 27. Be2 Bc2
28. g4 Na4 29. g5 hxg5 30. fxg5 e5 31. Ba1 Bxa3 32. gxf6 gxf6 33. Bf3 Bc1 34.
Nf1 Bd3 35. Bd5 Bxf1 36. Kxf1 Bxe3 37. Ke2 Bc1 38. Kd3 Nc5+ 39. Kc2 Bf4 40. h4
Ke7 41. Bc3 f5 42. Bb4 Kf6 43. h5 Kg5 44. Bf7 Be3 45. Bc3 Bd4 46. Bd2+ f4 47.
Bg6 e4 48. Kd1 e3 49. Bb4 f3 50. Ke1 a5  0-1

[Event "34. Bayerische Senioren EM"]
[Site "Bergen im Chiemgau"]
[Date "2024.06.03"]
[Round "7.8"]
[White "Hess, Christian"]
[Black "Aßmann, Norbert"]
[Result "1/2-1/2"]
[BlackElo "1962"]
[BlackTeam "SF 1967 Sailauf e.V."]
[EventDate "2024.??.??"]
[PlyCount "32"]
[WhiteElo "2157"]
[WhiteTeam "FC ST.Pauli"]

1. d4 d5 2. Nf3 Nf6 3. c4 c6 4. e3 Bg4 5. h3 Bxf3 6. Qxf3 e6 7. Nc3 Bb4 8. Bd3
Nbd7 9. O-O O-O 10. Rd1 Nb6 11. c5 Nbd7 12. a3 Ba5 13. e4 Bxc3 14. bxc3 dxe4
15. Bxe4 Nxe4 16. Qxe4 Nxc5  1/2-1/2

[Event "34. Bayerische Senioren EM"]
[Site "Bergen im Chiemgau"]
[Date "2024.06.03"]
[Round "7.9"]
[White "Dijkstra; M"]
[Black "Röder, Gerd"]
[Result "1-0"]
[WhiteElo "1984"]
[BlackElo "2139"]
[PlyCount "131"]
[EventDate "2024.??.??"]
[WhiteTeam "SV Dubbelschaak"]
[BlackTeam "SV Altensittenbach"]

{[%evp 0,131,29,-2,34,30,13,29,19,33,33,33,33,8,14,27,33,-6,-6,-18,14,0,-21,
-21,-32,-27,-36,-26,-24,-37,-22,-31,-10,-11,-8,0,0,0,51,74,61,68,47,49,52,42,
63,63,95,65,64,26,22,30,27,33,9,0,0,2,18,0,32,16,23,23,17,23,46,54,101,107,114,
132,119,88,97,88,97,113,118,118,123,114,145,145,169,145,184,146,137,153,153,
153,178,187,190,128,167,182,215,198,251,255,273,247,276,289,289,316,319,327,
329,129,170,152,139,118,104,94,111,87,62,90,65,63,118,120,267,285,365,382,417,
435]} 1. c4 c6 2. e4 d5 3. exd5 cxd5 4. d4 Nf6 5. Nc3 Nc6 6. cxd5 Nxd5 7. Nf3
Bg4 8. Be2 e6 9. O-O Be7 10. Qb3 O-O 11. Nxd5 Qxd5 12. Qxd5 exd5 13. h3 Bh5 14.
Rd1 h6 15. Bf4 Bf6 16. g4 Bg6 17. Ne5 Rfe8 18. Bb5 Nxd4 19. Bxe8 Ne2+ 20. Kf1
Nxf4 21. Nxg6 fxg6 22. Ba4 Rd8 23. Rac1 a6 24. Rc2 Kh7 25. Rcd2 d4 26. Bc2 Nxh3
27. Kg2 Nf4+ 28. Kf3 Ne6 29. Bd3 Nc5 30. Kg3 Rf8 31. Re2 Nxd3 32. Rxd3 g5 33.
Re6 Rd8 34. Kf3 Kg6 35. Ke2 Rd7 36. Rb3 Rc7 37. Reb6 Rc2+ 38. Ke1 Rc1+ 39. Kd2
Rg1 40. f3 Rg2+ 41. Ke1 Rg1+ 42. Kf2 Rd1 43. Ke2 Ra1 44. a3 Rh1 45. Rxb7 Rh2+
46. Kf1 Rd2 47. Ke1 Rh2 48. Rd3 Be5 49. Rb6+ Kh7 50. b4 Bf4 51. Rxa6 Be3 52. b5
Rh1+ 53. Ke2 Rh2+ 54. Kd1 Rb2 55. b6 Kg6 56. b7+ Kf7 57. Ra7 Ke6 58. b8=Q Rxb8
59. Rxg7 Kd5 60. Rc7 Rb1+ 61. Ke2 Rb2+ 62. Ke1 Rb1+ 63. Rd1 Bf2+ 64. Ke2 Rb2+
65. Rd2 d3+ 66. Kxd3 1-0

[Event "34. Bayerische Senioren EM"]
[Site "Bergen im Chiemgau"]
[Date "2024.06.03"]
[Round "7.10"]
[White "Oechslein, Rainer"]
[Black "Limbach, Torsten"]
[Result "1-0"]
[WhiteElo "2097"]
[BlackElo "1945"]
[PlyCount "113"]
[EventDate "2024.??.??"]
[WhiteTeam "SK Schweinfurt"]
[BlackTeam "SV Großhansdorf"]

{[%evp 0,113,13,13,51,50,50,41,48,-18,27,-8,5,-8,14,-4,10,0,0,1,-8,-9,21,20,20,
9,-4,-1,-6,0,-4,-4,-6,-16,-13,-24,-18,-38,-30,-40,-38,-42,-34,-69,-34,-34,-40,
-55,-45,-54,-52,-45,-29,-66,-75,-72,-30,-35,-49,-27,-28,-70,-45,-39,21,-10,5,
-36,-24,-33,-76,0,0,0,0,-35,-30,-222,-229,-246,-20,-41,227,248,343,372,372,319,
727,253,286,258,385,415,424,424,451,457,481,459,625,657,694,769,1115,1115,1142,
663,677,709,750,771,907,927,929,1002]} 1. e4 c5 2. Nf3 Nc6 3. Bb5 e6 4. c3 Nf6
5. Qe2 Qb6 6. Ba4 Be7 7. O-O O-O 8. d3 d6 9. Nbd2 Bd7 10. Bc2 e5 11. Nc4 Qc7
12. a4 Be6 13. Re1 a6 14. Bg5 b5 15. Ne3 Rfb8 16. Nf5 Bxf5 17. exf5 b4 18. h3
bxc3 19. bxc3 Nd5 20. Bd2 Rb2 21. Rec1 Bf6 22. Qe4 Nde7 23. g4 d5 24. Qe1 Nc8
25. g5 Be7 26. Kh1 Bd6 27. c4 d4 28. Qe4 Rab8 29. a5 Nb4 30. Ba4 Na2 31. Re1
Na7 32. g6 fxg6 33. fxg6 h6 34. Qd5+ Kh8 35. Rad1 Rxd2 36. Rxd2 Nc3 37. Qf7
Nxa4 38. Qxc7 Bxc7 39. Nxe5 Bxe5 40. Rxe5 Nc3 41. Rxc5 Nc8 42. Rb2 Ra8 43. Rb6
Na4 44. Re6 Ne7 45. Rce5 Nxg6 46. Rxg6 Nb2 47. Rg3 Nd1 48. Kg2 Nc3 49. Rg6 Kg8
50. Re7 Kf8 51. Rgxg7 Na4 52. Ref7+ Ke8 53. Rd7 Nc5 54. Rxd4 Ne6 55. Rg8+ Kf7
56. Rxa8 Nxd4 57. Rxa6 1-0

[Event "34. Bayerische Senioren EM"]
[Site "Bergen im Chiemgau"]
[Date "2024.06.03"]
[Round "7.11"]
[White "Christen, Pierre"]
[Black "Jergler, Karl-Heinz"]
[Result "1/2-1/2"]
[WhiteElo "1928"]
[BlackElo "2079"]
[PlyCount "52"]
[EventDate "2024.??.??"]
[WhiteTeam "IGS Trier"]
[BlackTeam "SC Rottal-Inn"]

{[%evp 0,52,19,-10,14,2,24,24,29,12,8,-2,4,3,35,38,29,5,9,14,18,4,3,-5,-14,-20,
7,-16,-6,-19,-14,10,5,-21,-29,-54,-47,-53,-41,-39,-44,-41,-16,-42,-30,-52,-24,
-21,-4,-4,0,5,4,14,12]} 1. c4 c5 2. g3 g6 3. Bg2 Bg7 4. Nc3 Nc6 5. Nf3 d6 6.
O-O e6 7. d3 Nge7 8. Bg5 O-O 9. a3 Rb8 10. Qc1 Nd4 11. Nxd4 cxd4 12. Ne4 f6 13.
Bf4 e5 14. Bh6 Bxh6 15. Qxh6 b6 16. Bh3 d5 17. Nd2 dxc4 18. Nxc4 Nf5 19. Qd2
Kg7 20. Rfc1 Nd6 21. Bxc8 Rxc8 22. Qb4 Nxc4 23. Rxc4 Rxc4 24. Qxc4 Qc8 25. Rc1
Qxc4 26. Rxc4 Rf7 1/2-1/2

[Event "34. Bayerische Senioren EM"]
[Site "Bergen im Chiemgau"]
[Date "2024.06.03"]
[Round "7.12"]
[White "Königl, Anton"]
[Black "Beutelhoff, Josef"]
[Result "1/2-1/2"]
[BlackElo "2032"]
[BlackTeam "SF Olfen"]
[EventDate "2024.??.??"]
[PlyCount "53"]
[WhiteElo "1881"]
[WhiteTeam "FC Ergolding"]

1. e4 c5 2. Nf3 d6 3. b3 Nf6 4. e5 dxe5 5. Nxe5 Qd4 6. Bb5+ Nbd7 7. Nc4 a6 8.
Bxd7+ Bxd7 9. Bb2 Qe4+ 10. Ne3 e6 11. d3 Qc6 12. Nd2 Be7 13. O-O O-O 14. Ndc4
b5 15. Ne5 Qb7 16. Nxd7 Qxd7 17. Qf3 Rac8 18. Rfe1 Rfd8 19. Rad1 Qc6 20. Qe2
Nd5 21. Qg4 Bf6 22. Nxd5 exd5 23. Bxf6 Qxf6 24. Qe2 Rf8 25. Qe5 Rc6 26. Qxf6
Rxf6 27. Re5  1/2-1/2

[Event "34. Bayerische Senioren EM"]
[Site "Bergen im Chiemgau"]
[Date "2024.06.03"]
[Round "7.13"]
[White "Klein, Gernot"]
[Black "Jaeger, Andre"]
[Result "1-0"]
[BlackElo "1942"]
[BlackTeam "SC Rochade (Berlin)"]
[EventDate "2024.??.??"]
[PlyCount "37"]
[WhiteElo "1834"]
[WhiteTeam "PTSV Aachen"]

1. e4 c5 2. Nf3 Nc6 3. Nc3 Nf6 4. Bb5 Qc7 5. d3 a6 6. Ba4 e6 7. Bxc6 Qxc6 8. Bg5
Be7 9. e5 Nd5 10. Ne4 f6 11. exf6 Nxf6 12. Ne5 Qd5 13. Bxf6 Bxf6 14. Qh5+ Ke7
15. Nxf6 Kxf6 16. f4 g6 17. Qg5+ Kg7 18. Qe7+ Kh6 19. Ng4+  1-0

[Event "34. Bayerische Senioren EM"]
[Site "Bergen im Chiemgau"]
[Date "2024.06.03"]
[Round "7.14"]
[White "Mitschka, Manfred"]
[Black "Pieper, Thomas"]
[Result "0-1"]
[WhiteElo "1876"]
[BlackElo "2170"]
[PlyCount "74"]
[EventDate "2024.??.??"]
[WhiteTeam "SK Neuburg"]
[BlackTeam "SC Gröbenzell"]

{[%evp 0,74,19,19,26,10,43,43,41,45,38,36,36,33,55,50,80,66,61,46,66,0,-31,-49,
-53,-3,-1,-95,-90,-103,-55,-49,-20,-85,-41,-93,-93,-103,-104,-88,-110,-110,
-106,-129,-116,-104,-101,-138,-139,-144,-75,-59,-52,-135,-139,-195,-177,-249,
-130,-150,-170,-161,-143,-244,-243,-240,-138,-402,-381,-373,-482,-353,-437,
-1829,-2348,-29991,-29992]} 1. d4 Nf6 2. c4 g6 3. Nc3 Bg7 4. e4 d6 5. h3 O-O 6.
Nf3 c5 7. d5 e6 8. Bg5 h6 9. Bh4 exd5 10. cxd5 Re8 11. Bxf6 Bxf6 12. Bd3 b5 13.
Qc2 c4 14. Be2 a6 15. O-O Ra7 16. Rfe1 Nd7 17. Bf1 Nc5 18. Rad1 Qb6 19. Re3
Rae7 20. Rde1 Bg7 21. g4 a5 22. Nd2 Ba6 23. Kg2 Bd4 24. Rf3 Nd3 25. Bxd3 cxd3
26. Qb1 b4 27. Na4 Qb5 28. b3 Bc3 29. Rd1 Bxd2 30. Rxd2 Qb7 31. Qb2 Rxe4 32.
Qf6 Qe7 33. Qb2 Re2 34. Nb6 Qb7 35. Nc4 Qxd5 36. Ne3 R8xe3 37. Rxe2 Qxf3+ 0-1

[Event "34. Bayerische Senioren EM"]
[Site "Bergen im Chiemgau"]
[Date "2024.06.03"]
[Round "7.15"]
[White "Gläser, Wilfried"]
[Black "Kell, Stefan"]
[Result "0-1"]
[WhiteElo "2081"]
[BlackElo "1933"]
[PlyCount "82"]
[EventDate "2024.??.??"]
[WhiteTeam "SK Anderten"]
[BlackTeam "SK Mangfalltal"]

{[%evp 0,82,19,14,26,-15,21,0,10,-4,31,12,6,0,10,0,0,0,9,-21,-21,-22,-23,-62,
-49,-52,-53,-51,-48,-38,-27,-51,-50,-65,-71,-59,-29,-39,-16,-32,-1,5,-45,-38,
-45,-83,-86,-89,-93,-121,-93,-104,-104,-117,-97,-105,-91,-141,-58,-78,-104,
-108,-119,-127,-6,-28,-20,-34,-41,-42,-30,-73,-69,-103,-113,-125,-135,-128,
-129,-136,-136,-208,-196,-294,-294]} 1. Nf3 Nf6 2. g3 e6 3. Bg2 d5 4. d3 c5 5.
Nbd2 Nc6 6. O-O Be7 7. e4 O-O 8. Re1 Qc7 9. e5 Nd7 10. Qe2 b5 11. Nf1 Bb7 12.
Bf4 Rfc8 13. c3 b4 14. h4 Qd8 15. h5 h6 16. N1h2 a5 17. Ng4 Qf8 18. Qd2 Nb6 19.
Red1 a4 20. cxb4 Nxb4 21. a3 Nc6 22. Rac1 Na5 23. Rc2 Nb3 24. Qe1 Ba6 25. Bf1
Qd8 26. Ne3 Qd7 27. d4 Bxf1 28. Kxf1 c4 29. Ng2 c3 30. Rxc3 Rxc3 31. Qxc3 Rc8
32. Qd3 Nc4 33. Rb1 Qb5 34. Nge1 Rb8 35. Kg1 Nba5 36. Nd2 Nxd2 37. Qxb5 Rxb5
38. Bxd2 Nc4 39. Bc3 Bxa3 40. Nd3 Bxb2 41. Bxb2 a3 0-1

[Event "34. Bayerische Senioren EM"]
[Site "Bergen im Chiemgau"]
[Date "2024.06.03"]
[Round "7.16"]
[White "Keller, Harald"]
[Black "Zerweck, Christoph"]
[Result "1/2-1/2"]
[BlackElo "1917"]
[BlackTeam "SV Herrenberg e.V."]
[EventDate "2024.??.??"]
[PlyCount "30"]
[WhiteElo "2052"]
[WhiteTeam "SV Rottweil"]

1. e4 c5 2. Nc3 Nc6 3. g3 g6 4. Bg2 Bg7 5. d3 d6 6. Nh3 Nf6 7. O-O O-O 8. Nf4
Rb8 9. Nfd5 e6 10. Nxf6+ Bxf6 11. f4 Bg7 12. h4 b5 13. f5 b4 14. Ne2 exf5 15.
exf5 Nd4  1/2-1/2

[Event "34. Bayerische Senioren EM"]
[Site "Bergen im Chiemgau"]
[Date "2024.06.03"]
[Round "7.17"]
[White "Taube, Hubertus"]
[Black "Elbert, Gebhard"]
[Result "1-0"]
[WhiteElo "2011"]
[BlackElo "1939"]
[PlyCount "111"]
[EventDate "2024.??.??"]
[WhiteTeam "SK Neuperlach"]
[BlackTeam "SF 1967 Sailauf e.V."]

{[%evp 0,111,19,19,19,-7,30,20,49,42,58,53,53,47,43,38,45,28,31,31,13,13,1,-1,
-14,-21,74,104,87,82,64,45,58,44,81,35,124,52,45,46,30,26,94,48,43,46,110,42,
78,43,104,94,94,36,118,109,97,2,4,27,-3,-60,-56,-48,-64,-94,3,0,0,-12,-12,-30,
83,87,146,150,131,120,212,34,16,14,136,135,139,139,139,139,140,140,140,140,140,
148,148,160,164,164,164,165,173,164,174,177,168,140,134,131,145,131,204,216,
232,189]} 1. d4 d5 2. c4 c6 3. Nf3 e6 4. Nc3 dxc4 5. a4 Bb4 6. e3 b5 7. Bd2 a5
8. axb5 Bxc3 9. Bxc3 cxb5 10. d5 Nf6 11. dxe6 Qxd1+ 12. Rxd1 Nc6 13. exf7+ Kxf7
14. Be2 Ne4 15. Ne5+ Nxe5 16. Bxe5 Re8 17. f4 Nc5 18. O-O Bb7 19. Rd6 Re6 20.
Rfd1 Ra6 21. Rxa6 Rxa6 22. Bd4 Ne6 23. Bc3 Nc5 24. Bd4 Nb3 25. Bxg7 Bxg2 26.
Be5 Bh3 27. Bh5+ Ke7 28. Bf3 Nc5 29. Rd5 Nd3 30. Be4 Nxe5 31. Rxe5+ Re6 32.
Rxe6+ Kxe6 33. Bxh7 Bf5 34. Bg8+ Kd6 35. h4 Bg4 36. e4 a4 37. Kf2 Be6 38. Bxe6
Kxe6 39. h5 c3 40. bxc3 a3 41. h6 Kf7 42. e5 a2 43. e6+ Kxe6 44. h7 a1=Q 45.
h8=Q Qa4 46. Qe5+ Kf7 47. Qd5+ Kf6 48. Qd4+ Kf7 49. Ke3 Qc2 50. Qd5+ Kf6 51.
Qe5+ Kf7 52. Kd4 Qa4+ 53. Ke3 Qb3 54. Ke4 b4 55. Qc7+ Kg8 56. Qb8+ 1-0

[Event "34. Bayerische Senioren EM"]
[Site "Bergen im Chiemgau"]
[Date "2024.06.03"]
[Round "7.18"]
[White "Brettschneider, Karl"]
[Black "Jiritschka, Wolfgang"]
[Result "1/2-1/2"]
[BlackElo "1882"]
[BlackTeam "Bayer Leverkusen"]
[EventDate "2024.??.??"]
[PlyCount "32"]
[WhiteElo "1965"]
[WhiteTeam "SC Leinfelden"]

1. c4 Nf6 2. Nc3 e6 3. g3 d5 4. cxd5 exd5 5. d4 Be7 6. Bg2 c6 7. Nf3 h6 8. O-O
Nbd7 9. Re1 O-O 10. h3 Re8 11. a3 Bd6 12. Qd3 Ne4 13. Nd2 f5 14. Nf1 Ndf6 15.
Nxe4 Nxe4 16. Nd2 Qf6  1/2-1/2

[Event "34. Bayerische Senioren EM"]
[Site "Bergen im Chiemgau"]
[Date "2024.06.03"]
[Round "7.19"]
[White "Michalek, Barbara"]
[Black "Neubauer, Jaroslaus"]
[Result "1/2-1/2"]
[BlackElo "2046"]
[BlackTeam "SK Schweinfurt"]
[EventDate "2024.??.??"]
[PlyCount "91"]
[WhiteElo "1891"]
[WhiteTeam "SK Lehrte"]

1. d4 Nf6 2. c4 e6 3. Nc3 d5 4. Nf3 c6 5. e3 Be7 6. Qc2 Nbd7 7. a3 b6 8. Bd3
dxc4 9. Bxc4 Bb7 10. O-O O-O 11. e4 c5 12. Be3 Ng4 13. d5 Nde5 14. Nxe5 Nxe5
15. Be2 exd5 16. exd5 f5 17. f3 f4 18. Bf2 Bc8 19. Qe4 Bd6 20. g4 fxg3 21. Bxg3
Bf5 22. Qh4 g5 23. Qa4 a6 24. Ne4 b5 25. Qd1 Bxe4 26. fxe4 Qe7 27. Qd2 c4 28.
Rxf8+ Rxf8 29. Rf1 Rxf1+ 30. Kxf1 Qf6+ 31. Kg2 g4 32. Qd4 h5 33. Qb6 h4 34.
Bxh4 Qxh4 35. Qxd6 Qh3+ 36. Kg1 Qe3+ 37. Kf1 Qf4+ 38. Kg2 Qxe4+ 39. Kf2 Nd3+
40. Bxd3 Qf3+ 41. Ke1 cxd3 42. Qg6+ Kf8 43. Qd6+ Kf7 44. Qd7+ Kg6 45. Qe6+ Kg5
46. Qe5+  1/2-1/2

[Event "34. Bayerische Senioren EM"]
[Site "Bergen im Chiemgau"]
[Date "2024.06.03"]
[Round "7.20"]
[White "Luef, Herbert"]
[Black "Küspert, Erwin"]
[Result "1/2-1/2"]
[BlackElo "1884"]
[BlackTeam "DJK-SV Schaibing"]
[EventDate "2024.??.??"]
[PlyCount "27"]
[WhiteElo "1985"]
[WhiteTeam "TSV Ingolstadt Nord"]

1. e4 d6 2. d4 Nf6 3. Nc3 g6 4. Nf3 Bg7 5. Bc4 O-O 6. O-O h6 7. e5 Ne8 8. Bf4 g5
9. Bg3 Bg4 10. Qd3 c6 11. Qe3 d5 12. Bd3 e6 13. h4 f5 14. exf6  1/2-1/2

[Event "34. Bayerische Senioren EM"]
[Site "Bergen im Chiemgau"]
[Date "2024.06.03"]
[Round "7.21"]
[White "Desoye, Gernot"]
[Black "Biller, Helmut"]
[Result "1/2-1/2"]
[BlackElo "1971"]
[BlackTeam "SF Frankfurt"]
[EventDate "2024.??.??"]
[PlyCount "59"]
[WhiteElo "1887"]
[WhiteTeam "SF Graz AT"]

1. d4 Nf6 2. c4 e6 3. Nc3 d5 4. cxd5 exd5 5. Bg5 c6 6. e3 Be7 7. Nf3 Bf5 8. Bd3
Bxd3 9. Qxd3 Nbd7 10. O-O h6 11. Bh4 O-O 12. Rfd1 Re8 13. Rab1 a5 14. Rbc1 Ne4
15. Nxe4 dxe4 16. Qxe4 Bxh4 17. Qxh4 Qb6 18. Rc2 Rad8 19. Qh5 Qb4 20. Rdc1 a4
21. Qf5 Re6 22. Qd3 Ne5 23. Nxe5 Rxe5 24. Qc4 Rb5 25. Qxb4 Rxb4 26. Kf1 Rd5 27.
Ke2 Kf8 28. Rd1 Ke7 29. h4 Ke6 30. Rd3  1/2-1/2

[Event "34. Bayerische Senioren EM"]
[Site "Bergen im Chiemgau"]
[Date "2024.06.03"]
[Round "7.22"]
[White "Fischer, Manfred"]
[Black "Huber, Herbert"]
[Result "1-0"]
[BlackElo "1858"]
[BlackTeam "SK Wasserburg"]
[EventDate "2024.??.??"]
[PlyCount "37"]
[WhiteElo "1949"]
[WhiteTeam "SK Töging"]

1. e4 c5 2. c3 d5 3. exd5 Qxd5 4. d4 Nf6 5. dxc5 Qxd1+ 6. Kxd1 Nc6 7. Bb5 Ne4 8.
Be3 e5 9. b4 a5 10. Nf3 Bg4 11. h3 Bxf3+ 12. gxf3 Nf6 13. Kc2 Be7 14. Nd2 Nd5
15. a3 O-O 16. Nc4 Bf6 17. Bxc6 bxc6 18. Nxa5 e4 19. Bd4  1-0

[Event "34. Bayerische Senioren EM"]
[Site "Bergen im Chiemgau"]
[Date "2024.06.03"]
[Round "7.23"]
[White "Heiler, Karl"]
[Black "Weimer, Lotha0"]
[Result "1-0"]
[BlackElo "1946"]
[BlackTeam "SK Kriegshaber"]
[EventDate "2024.??.??"]
[PlyCount "22"]
[WhiteElo "1869"]
[WhiteTeam "TG Bad Waldsee 1848"]

1. e4 e6 2. d3 e5 3. Nf3 Nc6 4. g3 Nf6 5. Bg2 Bc5 6. Nc3 d6 7. O-O Be6 8. Na4
Nd4 9. Nxe5 Bb6 10. Nxb6 axb6 11. Nc4 b5  1-0

[Event "34. Bayerische Senioren EM"]
[Site "Bergen im Chiemgau"]
[Date "2024.06.03"]
[Round "7.24"]
[White "Krause, Helmut"]
[Black "Lehmann, Edwin"]
[Result "1/2-1/2"]
[BlackElo "1933"]
[BlackTeam "SK Königsspringer Emden"]
[EventDate "2024.??.??"]
[PlyCount "45"]
[WhiteElo "1694"]
[WhiteTeam "SK Freilassing"]

1. d4 f5 2. Bg5 g6 3. Nc3 Bg7 4. h4 h6 5. Bf4 Nf6 6. e3 d6 7. Bc4 d5 8. Bb3 c6
9. Nf3 Nbd7 10. Ne5 Nxe5 11. Bxe5 Be6 12. f3 Qd7 13. Qd2 Nh5 14. Bxg7 Nxg7 15.
Ne2 Qd6 16. Nf4 Bf7 17. Nd3 O-O-O 18. Ne5 Be8 19. Qa5 Kb8 20. c4 e6 21. a4 Nh5
22. c5 Qc7 23. Qxc7+  1/2-1/2

[Event "34. Bayerische Senioren EM"]
[Site "Bergen im Chiemgau"]
[Date "2024.06.03"]
[Round "7.25"]
[White "Harke, Horst"]
[Black "Mayr, Günter"]
[Result "0-1"]
[BlackElo "1925"]
[BlackTeam "RW Klettham SAB"]
[EventDate "2024.??.??"]
[PlyCount "70"]
[WhiteElo "1830"]
[WhiteTeam "SK Varel"]

1. d4 d5 2. c4 dxc4 3. e3 e5 4. Bxc4 exd4 5. Qxd4 Qxd4 6. exd4 Nc6 7. Bb5 Bd7 8.
Be3 Bb4+ 9. Nc3 Nf6 10. Ne2 a6 11. Bxc6 Bxc6 12. O-O O-O 13. a3 Bd6 14. Bf4
Rad8 15. Bxd6 Rxd6 16. Rad1 Rfd8 17. f3 Nd5 18. Kf2 f5 19. g3 Nb6 20. b3 Nd5
21. Nxd5 Bxd5 22. Rd3 Bc6 23. a4 b5 24. axb5 Bxb5 25. Rc3 Bxe2 26. Kxe2 Rxd4
27. Rxc7 Re8+ 28. Kf2 Rd2+ 29. Kg1 Ree2 30. Rfc1 Rg2+ 31. Kf1 Rxh2 32. Kg1
Rdg2+ 33. Kf1 Rxg3 34. Rd1 h6 35. Rd6 Rxf3+  0-1

[Event "34. Bayerische Senioren EM"]
[Site "Bergen im Chiemgau"]
[Date "2024.06.03"]
[Round "7.26"]
[White "Lechner, Otto"]
[Black "Frey, Peter"]
[Result "1-0"]
[WhiteElo "1913"]
[BlackElo "1789"]
[PlyCount "101"]
[EventDate "2024.??.??"]
[WhiteTeam "TSV Wertingen"]
[BlackTeam "SG Traunstein/Traunreut"]

{[%evp 0,97,19,19,26,26,28,17,37,13,15,1,11,15,4,9,3,3,16,-1,19,11,-5,11,15,28,
74,92,80,-103,-43,-17,59,61,89,102,124,66,248,259,248,263,278,283,456,462,470,
308,313,311,318,220,206,258,260,310,340,309,347,358,364,363,399,390,430,373,
426,335,400,404,447,427,489,506,495,409,575,424,461,461,606,682,837,519,532,
544,561,561,689,596,626,566,629,488,608,516,547,535,552,580]} 1. d4 Nf6 2. Nf3
e6 3. e3 b6 4. Nbd2 Bb7 5. Bd3 d5 6. O-O Bd6 7. b3 O-O 8. Bb2 Nbd7 9. Ne5 Rc8
10. Qe2 c5 11. f4 a5 12. a4 Ne4 13. Nxe4 dxe4 14. Ba6 Bxa6 15. Qxa6 Nb8 16. Qe2
f6 17. Nc4 Qc7 18. Rfd1 cxd4 19. Nxd6 Qxd6 20. Ba3 Qc6 21. Bxf8 Qxc2 22. Qxc2
Rxc2 23. Rxd4 Nc6 24. Rxe4 Kxf8 25. Rc4 Nb4 26. Rxc2 Nxc2 27. Rc1 Nxe3 28. Rc6
Nd5 29. Rxe6 Nxf4 30. Rxb6 Ne2+ 31. Kf1 Nd4 32. Rb7 h5 33. Ke1 f5 34. Kd2 f4
35. Kd3 f3 36. gxf3 Nxf3 37. h3 h4 38. Rb5 Ke7 39. Rxa5 g5 40. Rf5 Ng1 41. Rxg5
Nxh3 42. Rf5 Ke6 43. Rf1 Ke5 44. Ke3 Ng5 45. Rg1 Ne4 46. Rg4 Nd6 47. Rg5+ Kf6
48. Rh5 Kg6 49. Rd5 Nf7 50. a5 h3 51. Kf2 1-0

[Event "34. Bayerische Senioren EM"]
[Site "Bergen im Chiemgau"]
[Date "2024.06.03"]
[Round "7.27"]
[White "Huber, Walter"]
[Black "Schleime, Franz-Josef"]
[Result "1-0"]
[WhiteElo "1894"]
[BlackElo "1774"]
[PlyCount "115"]
[EventDate "2024.??.??"]
[WhiteTeam "SG Traunstein/Traunreut"]
[BlackTeam "SF Lennestadt-Meggen"]

{[%evp 0,115,25,-9,-9,-51,-24,-7,19,26,26,22,24,6,52,29,35,23,16,4,11,-3,-4,
-23,-13,-17,4,1,56,64,55,55,55,55,55,55,55,55,55,51,51,51,63,70,73,21,21,21,18,
18,18,18,26,32,35,25,38,24,21,21,32,26,38,31,38,21,24,7,29,6,20,19,26,22,28,30,
37,11,15,13,15,0,13,13,16,0,0,0,0,0,0,0,29,29,44,44,44,44,23,42,42,42,42,0,42,
0,0,0,0,0,0,0,0,0,0,0,29985,29986]} 1. c4 Nf6 2. g3 e6 3. Nf3 b6 4. Bg2 Bb7 5.
O-O c5 6. b3 Qc7 7. Bb2 Be7 8. e3 d5 9. d3 O-O 10. Qe2 Nc6 11. Nbd2 Rad8 12.
Rfd1 d4 13. exd4 Nxd4 14. Nxd4 cxd4 15. Bxb7 Qxb7 16. Nf3 Bc5 17. a3 a5 18. b4
axb4 19. axb4 Bxb4 20. Bxd4 Rxd4 21. Nxd4 Bc3 22. Nb5 Bxa1 23. Rxa1 Ra8 24.
Rxa8+ Qxa8 25. Qe3 Nd7 26. d4 Qc6 27. Qd3 h6 28. Qb3 Qe4 29. Qe3 Qc6 30. Qe2
Kf8 31. Nc3 Nf6 32. h3 Qd6 33. Nb5 Qc6 34. f3 Kg8 35. Kf2 Nd7 36. h4 h5 37. Nc3
Nf6 38. Ne4 Nxe4+ 39. fxe4 Qd6 40. Qb2 Qc6 41. Qe2 g6 42. e5 Qh1 43. Qf3 Qc1
44. Qd3 Qb2+ 45. Kf3 Qc1 46. d5 exd5 47. cxd5 Qh1+ 48. Kf2 Qh2+ 49. Kf3 Qh1+
50. Kf4 Qc1+ 51. Ke4 Qh1+ 52. Kd4 Qa1+ 53. Qc3 Qg1+ 54. Qe3 Qa1+ 55. Kc4 Qa4+
56. Kd3 Qb3+ 57. Kd4 b5 58. Qxb3 1-0

[Event "34. Bayerische Senioren EM"]
[Site "Bergen im Chiemgau"]
[Date "2024.06.03"]
[Round "7.28"]
[White "Schubert, Joachim"]
[Black "Dyballa, Gerhard"]
[Result "0-1"]
[WhiteElo "1926"]
[BlackElo "1944"]
[PlyCount "70"]
[EventDate "2024.??.??"]
[WhiteTeam "TSG Oberschöneweide e.V."]
[BlackTeam "SV Meschede"]

{[%evp 0,70,19,13,50,32,18,26,18,18,38,7,2,-25,34,17,13,16,14,-2,-6,-45,-3,-2,
17,17,2,4,-1,-20,-21,-57,-60,-57,-78,-75,-75,-125,-135,-152,-161,-173,-162,
-318,-318,-326,-316,-385,-408,-463,-483,-478,-478,-581,-554,-586,-581,-588,
-601,-606,-601,-624,-636,-659,-677,-952,-699,-1396,-1837,-2297,-2484,-2492,
-1920]} 1. e4 e6 2. Nf3 d5 3. Nc3 Nf6 4. e5 Nfd7 5. d4 c5 6. dxc5 Nxc5 7. Bf4
a6 8. a3 Be7 9. b4 Ncd7 10. Bd3 O-O 11. Qd2 f6 12. exf6 Bxf6 13. Bd6 Re8 14.
O-O Qb6 15. Bxb8 Rxb8 16. Rab1 Qc7 17. Rb3 Nb6 18. Re1 Bd7 19. Nd1 Ba4 20. Rb1
e5 21. Bf5 g6 22. Bh3 e4 23. Nd4 Nc4 24. Ne6 Nxd2 25. Nxc7 Nxb1 26. Nxe8 Rxe8
27. Ne3 Nc3 28. Nd1 Nxd1 29. Rxd1 d4 30. Rd2 e3 31. Re2 Bb5 32. Re1 e2 33. f4
d3 34. cxd3 Bd4+ 35. Kh1 Bf2 0-1